Inorganic biochemistry (Record no. 240974)

MARC details
000 -LEADER
fixed length control field 00838nam a22002177a 4500
003 - CONTROL NUMBER IDENTIFIER
control field St Aloysius Coll
005 - DATE AND TIME OF LATEST TRANSACTION
control field 20260306174916.0
008 - FIXED-LENGTH DATA ELEMENTS--GENERAL INFORMATION
fixed length control field 260228b |||||||| |||| 00| 0 eng d
020 ## - INTERNATIONAL STANDARD BOOK NUMBER
International Standard Book Number 9788126539017
040 ## - CATALOGING SOURCE
Transcribing agency AL
082 ## - DEWEY DECIMAL CLASSIFICATION NUMBER
Classification number 574.19214
Item number COWI
100 ## - MAIN ENTRY--PERSONAL NAME
Personal name Cowan J A
9 (RLIN) 257191
245 ## - TITLE STATEMENT
Title Inorganic biochemistry
Remainder of title : an introduction
250 ## - EDITION STATEMENT
Edition statement 2
260 ## - PUBLICATION, DISTRIBUTION, ETC.
Place of publication, distribution, etc. New Delhi
Name of publisher, distributor, etc. Wiley -VCH India Pvt Ltd
Date of publication, distribution, etc. 2025
300 ## - PHYSICAL DESCRIPTION
Extent xiv, 440p.
Other physical details HB
Dimensions 23.7x16cm
365 ## - TRADE PRICE
Source of price type code General
Price type code 6272
Price amount ₹3116.00
Currency code
Unit of pricing ₹3995.00
Price note 22%
Price effective from 23/02/2026
520 ## - SUMMARY, ETC.
Summary, etc. Fundamentals of inorganic biochemistry; Experimental methods; Transport and storage; Metalloproteins and metalloenzymes; Alkali and alkaline earth metals earth; Metals in the regulation of biochemical events
650 ## - SUBJECT ADDED ENTRY--TOPICAL TERM
Source of heading or term Natural Sciences
Topical term or geographic name entry element Biochemistry
9 (RLIN) 257192
942 ## - ADDED ENTRY ELEMENTS (KOHA)
Source of classification or shelving scheme Dewey Decimal Classification
Koha item type Book
Holdings
Withdrawn status Lost status Source of classification or shelving scheme Damaged status Not for loan Collection code Home library Current library Date acquired Source of acquisition Cost, normal purchase price Total Checkouts Full call number Barcode Date last seen Cost, replacement price Price effective from Koha item type
    Dewey Decimal Classification     Bio Chemistry St Aloysius PG Library St Aloysius PG Library 02/27/2026 Biblios Book Point 3116.00   574.19214 COWI PG025225 02/28/2026 3995.00   Book